10 Biggest Cities in Panama on a Map - Statistics

General Stats
  • This quiz has been taken 181 times
  • The average score is 3 of 10
Answers on the Map
Answers color-coded by a green-red scale on the quiz's map according to % correct below.
 
Answer Stats
Pop. City % Correct
430,299 Panama City
98%
81,957 David
58%
51,236 Santiago de Veraguas
34%
315,019 San Miguelito
30%
118,521 La Chorrera
26%
96,676 Arraiján
22%
113,174 Tocumen
20%
103,960 Pacora
16%
55,114 Vista Alegre
13%
127,440 Las Cumbres
7%
No matching quizzes found
Score Distribution
Percent of People with Each Score
Percentile by Number Answered
Your Score History
You have not taken this quiz